00578nam a2200181Ia 4500003000900000008004100009040001600050080001800066100002600084245007900110260002800189300001300217650002500230650002800255942000700283999001300290952009300303IN-BaIIA211028s9999 xx 000 0 eng d cIIA Library a523.4-54bLOC aLockyer, Norman91211 0aInorganic evolution as studied by spectrum analysiscNorman Lockyer  aLondonbMacmillanc1900 ax, 198p. aCosmochemistry91212 aStellar evolution91213 cBK c535d535 00104070aBANbBANcGENd0000-00-00l0o523.4-54/ LOCp554r2021-11-05w0000-00-00yBK